000 01101nam a22002537a 4500
999 _c18942
_d18942
003 AR-CdUCM
008 190515b ||||| |||| 00| 0 spa d
040 _aMUNICIPALIDAD PROVINCIAL DEL CUSCO
_cBIBLIOTECA MUNICIPAL DEL CUSCO
041 _heng
082 _22ed.
_a573.3 /
_bC68
100 _aClark, Wilfrid Edward Le Gros
_939873
245 _aLos fundamentos de la evolución humana /
260 _aBuenos Aires :
_bEUDEBA,
_c1964.
300 _a63 páginas ;
_bilustraciones,
_c25 cm.
440 _aCuadernos de EUDEBA.
_n50
_939874
505 _aContenido: Principios teóricos -- Relación entre el hombre y los monos antropoides -- Relación entre los monos antropoides y las catarrinos -- Relación entre los monos catarrinos y los platirrinos -- Relación entre los tarsioides, los monos platarrinos y los lemúridos ...
650 _aEvolución
_97012
650 _aSeres humanos
_921798
650 _aOrigen
_915147
700 _aMarino, Mario A. (traducción)
_939083
710 _aEditorial Universitaria de Buenos Aires.
_939875
942 _2ddc
_cLIBROS
945 _aachl
_d2019-05-15